000 00399nam a2200157Ia 4500
008 230711s9999||||xx |||||||||||||| ||und||
041 _aENG
082 _a621.3
_bAN-D
100 _aAntoniou,A
245 0 _aDigital filters analysis and design
250 _a1st
260 _c1990
_aNew Delhi
_bTata McGraw Hill Education Limited
300 _a524
650 _aElectrical Engineering
942 _cBK
999 _c1866
_d1866